Ancient Countries A -Z - Statistics

General Stats
  • This quiz has been taken 110 times
  • The average score is 14 of 26
Answer Stats
Clue Answer % Correct
O Turkish Empire, which controlled the Middle East and the Balkans during the 15th to 20th Century Ottoman Empire
84%
E Merged with Scotland, Wales and Ireland to the United Kingdom England
83%
C City State, which fell in the Punic Wars against Rome Carthage
82%
F Empire of Charlemagne in Western Europe Frankish Empire
82%
B Eastern Part of the Roman Empire Byzantine Empire
81%
I Empire in the Andes Mountains, which was conquered by Spain Inca Empire
81%
H Nomadic tribe once lead by Atilla Hunnic Empire
80%
U USAs rival during the Cold War Union of Soviet Socialist Republics
73%
V Rich Italian City State during the Middle Ages and the Renaissance Venice
68%
K Cambodian Kingdom with Angkor as Capital Khmer
67%
Q Last Chinese Empire founded by Manchurians Qing
67%
Z South African Kingdom which was conquered by the British Zulu
60%
A Former Name of Ethiopia Abyssinia
58%
J Southern Jewish Kingdom of the Old Testament, which was conquered by Babylon Judah
56%
W Romania Duchy, which was ruled by Vlad Tepes Wallachia
48%
T Militaric order in Prussia, which was tasked with converting the Baltic People to Christianity Teutonic Order
41%
X First Chinese Dynasty located at the Yellow River Xia
41%
N Country, which conquered its southern neighbour after a succesfull war with the USA North Vietnam
40%
Y Mongolian dynasty of China Yuan
40%
P Nomadic Empire, which conquered Persia and Mesopotamnia and became the main Rival of the Roman Empire Parthia
34%
G Empire, which controlled Northern India in the 4th to 6th Century Gupta Empire
33%
M Great Indian Empire of Antiquity, which was ruled by Ashoka Maurya Empire
32%
D People, who lived around the Carpathian Mountains during Roman Antiquity Dacia
31%
S Western African Kingdom, which overthrew the Mali Empire Songhai
26%
R Seljuq state in Turkey Rum
19%
L Country which was sandwiched between Eastern and Western Francia after the partition of the Francia Lotharingia
18%
No matching quizzes found
Score Distribution
Percent of People with Each Score
Percentile by Number Answered
Your Score History
You have not taken this quiz